[Event "GBR-ch 100th"]
[Site "Torquay"]
[Date "2013.08.01"]
[Round "4"]
[White "Knott, Simon JB"]
[Black "Horton, Andrew P"]
[Result "1/2-1/2"]
[WhiteElo "2318"]
[BlackElo "2032"]
[PlyCount "139"]
[EventDate "2013.07.29"]
[EventType "swiss"]
[EventRounds "11"]
[EventCountry "GBR"]
[Source "John Saunders"]
[SourceDate "2015.07.24"]

1. Nf3 c5 2. c4 g6 3. e4 Nc6 4. d4 cxd4 5. Nxd4 Nf6 6. Nc3 d6 7. Be2 Nxd4 8.
Qxd4 Bg7 9. Bg5 O-O 10. Qd2 Be6 11. Rc1 Qa5 12. f3 Rfc8 13. b3 a6 14. Na4 Qxd2+
15. Kxd2 Nd7 16. g4 Kf8 17. Be3 Rc6 18. Rc2 Nc5 19. Nc3 f5 20. exf5 gxf5 21. h3
Kf7 22. Rhc1 Rh8 23. f4 fxg4 24. hxg4 h5 25. b4 Nd7 26. Bf3 hxg4 27. Bxc6 bxc6
28. Rg1 Bf5 29. Rcc1 Rh2+ 30. Ke1 Bxc3+ 31. Rxc3 Rxa2 32. c5 Nf6 33. cxd6 Nd5
34. d7 Bxd7 35. Rb3 Be6 36. Bd2 Nxf4 37. Bxf4 Bxb3 38. Rxg4 Ke6 39. Rg5 Bd5 40.
Re5+ Kf6 41. Re2 Ra1+ 42. Kd2 Kf5 43. Bc7 Ra2+ 44. Ke3 Ra4 45. Rf2+ Ke6 46. Rf4
Kd7 47. Bb8 a5 48. b5 Ra3+ 49. Kd4 Rb3 50. bxc6+ Kxc6 51. Be5 Rb4+ 52. Kc3 Rb3+
53. Kc2 Rb7 54. Kc1 Bb3 55. Bc3 a4 56. Rb4 Rd7 57. Rd4 Ra7 58. Kb2 Ra8 59. Ka3
Rg8 60. Rd3 Rg5 61. Bb2 Rg2 62. Re3 e6 63. Rd3 Re2 64. Rc3+ Kd5 65. Rg3 Ke4 66.
Rg5 Kf4 67. Bc1+ Kf3 68. Bb2 Re3 69. Re5 Rd3 70. Rc5 1/2-1/2

[Event "GBR-ch 100th"]
[Site "Torquay"]
[Date "2013.08.01"]
[Round "4"]
[White "Kolbus, Dietmar"]
[Black "Lalic, Bogdan"]
[Result "1/2-1/2"]
[WhiteElo "2288"]
[BlackElo "2489"]
[PlyCount "26"]
[EventDate "2013.07.29"]
[EventType "swiss"]
[EventRounds "11"]
[EventCountry "GBR"]
[Source "John Saunders"]
[SourceDate "2015.07.24"]

1. c4 Nf6 2. Nf3 e6 3. b3 d5 4. Bb2 c5 5. g3 Nc6 6. Bg2 d4 7. O-O Be7 8. e3 O-O
9. exd4 cxd4 10. Re1 Ne8 11. Ne5 Nxe5 12. Rxe5 f6 13. Re1 e5 1/2-1/2

[Event "GBR-ch 100th"]
[Site "Torquay"]
[Date "2013.08.01"]
[Round "4"]
[White "Ledger, David"]
[Black "Wadsworth, Matthew J"]
[Result "1-0"]
[WhiteElo "2305"]
[BlackElo "2136"]
[PlyCount "107"]
[EventDate "2013.07.29"]
[EventType "swiss"]
[EventRounds "11"]
[EventCountry "GBR"]
[Source "John Saunders"]
[SourceDate "2015.07.24"]

1. e4 e6 2. d4 d5 3. Nc3 Bb4 4. e5 c5 5. a3 Bxc3+ 6. bxc3 Qa5 7. Bd2 Qa4 8. h4
Nc6 9. Nf3 Nge7 10. h5 h6 11. Rh4 c4 12. Rf4 Bd7 13. Nh4 Rf8 14. g3 O-O-O 15.
Qg4 Qxc2 16. Qxg7 Rg8 17. Qxf7 Rdf8 18. Qxf8+ Rxf8 19. Rxf8+ Kc7 20. Rc1 Qe4+
21. Be3 Na5 22. Rf7 Nb3 23. Bg2 Qd3 24. Bf1 Qe4 25. Bg2 Qd3 26. Rxe7 Nxc1 27.
Bxc1 Qxc3+ 28. Bd2 Qa1+ 29. Ke2 c3 30. Bxh6 c2 31. Bd2 Qd1+ 32. Ke3 c1=Q 33.
Bxc1 Qxc1+ 34. Ke2 Qb2+ 35. Kf1 Qxd4 36. Bf3 Qxe5 37. h6 Kd6 38. Rxd7+ Kxd7 39.
h7 Qf6 40. Ng6 Qxg6 41. h8=Q Qd3+ 42. Be2 Qxa3 43. Qb8 Qa1+ 44. Kg2 Kc6 45.
Qc8+ Kd6 46. Qxb7 a5 47. Qb6+ Ke7 48. Bg4 Qe1 49. Qa7+ Kf6 50. Qd4+ Ke7 51. Qd3
Kd6 52. Qa3+ Kd7 53. Qe3 Qb4 54. Qxe6+ 1-0

[Event "GBR-ch 100th"]
[Site "Torquay"]
[Date "2013.08.01"]
[Round "4"]
[White "Martin, Lewis"]
[Black "Warman, Simon M"]
[Result "0-1"]
[WhiteElo "2043"]
[BlackElo "2093"]
[PlyCount "48"]
[EventDate "2013.07.29"]
[EventType "swiss"]
[EventRounds "11"]
[EventCountry "GBR"]
[Source "John Saunders"]
[SourceDate "2015.07.24"]

1. e4 c5 2. Nf3 e6 3. d4 cxd4 4. Nxd4 a6 5. g3 d5 6. e5 Qc7 7. f4 Nc6 8. Nb3 f6
9. exf6 Nxf6 10. Bg2 e5 11. O-O e4 12. c4 dxc4 13. N3d2 Bg4 14. Qe1 Bc5+ 15.
Kh1 O-O-O 16. Nxc4 Rd1 17. Qc3 Rhd8 18. Nbd2 Rd3 19. Qc2 Nb4 20. Qb1 e3 21. Ne5
Rxf1+ 22. Nxf1 Rd1 23. Nxg4 e2 24. Qf5+ Kb8 0-1

[Event "GBR-ch 100th"]
[Site "Torquay"]
[Date "2013.08.01"]
[Round "4"]
[White "Mason, Donald"]
[Black "Lenier, Jude"]
[Result "1-0"]
[WhiteElo "2204"]
[BlackElo "2119"]
[PlyCount "65"]
[EventDate "2013.07.29"]
[EventType "swiss"]
[EventRounds "11"]
[EventCountry "GBR"]
[Source "John Saunders"]
[SourceDate "2015.07.24"]

1. d4 Nf6 2. c4 g6 3. Nc3 Bg7 4. e4 d6 5. Be2 O-O 6. Bg5 Na6 7. h4 e5 8. d5 h6
9. Be3 Nc5 10. Qc2 a5 11. h5 g5 12. f3 g4 13. O-O-O g3 14. Qd2 Kh7 15. Qe1 Ng8
16. Qxg3 f5 17. exf5 Bxf5 18. Bxc5 dxc5 19. Bd3 Bxd3 20. Rxd3 Ra6 21. Ne4 Qe7
22. Ne2 Nf6 23. N2c3 Nd7 24. d6 cxd6 25. Rhd1 Nf6 26. Rxd6 Rxd6 27. Rxd6 Qf7
28. Nxf6+ Bxf6 29. Qg6+ Qxg6 30. hxg6+ Kxg6 31. Ne4 Kg7 32. Rd7+ Kg6 33. Rxb7
1-0

[Event "GBR-ch 100th"]
[Site "Torquay"]
[Date "2013.08.01"]
[Round "4"]
[White "Mordue, A Tyson"]
[Black "Waters, Clive L"]
[Result "1/2-1/2"]
[WhiteElo "2256"]
[BlackElo "2129"]
[PlyCount "67"]
[EventDate "2013.07.29"]
[EventType "swiss"]
[EventRounds "11"]
[EventCountry "GBR"]
[Source "John Saunders"]
[SourceDate "2015.07.24"]

1. e4 e5 2. Nf3 Nc6 3. Bb5 Nf6 4. Qe2 d6 5. c3 Be7 6. d4 Bd7 7. d5 Nb8 8. Bd3
O-O 9. c4 c5 10. Nc3 Ne8 11. h3 Bc8 12. Be3 Nd7 13. g4 g6 14. Bh6 Ng7 15. O-O-O
Nf6 16. Qc2 a6 17. Ne2 b5 18. Ng3 Qa5 19. Kb1 bxc4 20. Bxc4 Bd7 21. Rhg1 Rfb8
22. Bd2 Qd8 23. Bc3 Nfe8 24. Qd2 Bf8 25. Qe3 Bb5 26. Nd2 Be7 27. Ne2 Rb7 28. f4
exf4 29. Nxf4 Bf6 30. Bxf6 Qxf6 31. g5 Qe5 32. Nd3 Qe7 33. Rde1 Rab8 34. Ka1
1/2-1/2

[Event "GBR-ch 100th"]
[Site "Torquay"]
[Date "2013.08.01"]
[Round "4"]
[White "Moss, Guy"]
[Black "Batchelor, Peter"]
[Result "0-1"]
[WhiteElo "2018"]
[BlackElo "2118"]
[PlyCount "62"]
[EventDate "2013.07.29"]
[EventType "swiss"]
[EventRounds "11"]
[EventCountry "GBR"]
[Source "John Saunders"]
[SourceDate "2015.07.24"]

1. e4 c6 2. d4 d5 3. exd5 cxd5 4. c4 Nf6 5. Nc3 Nc6 6. Nf3 Bg4 7. Be3 e6 8. c5
Ne4 9. Qb3 Qc7 10. Bd3 Bxf3 11. gxf3 Nxc3 12. Qxc3 Be7 13. b4 e5 14. dxe5 a5
15. Bb5 axb4 16. Qd4 O-O 17. Bxc6 Qxc6 18. O-O Rfc8 19. Rab1 Bxc5 20. Qg4 Bxe3
21. fxe3 Rxa2 22. Rxb4 Qc1 23. Qh4 Qxe3+ 24. Rf2 Qe1+ 25. Rf1 Qe3+ 26. Rf2 g5
27. Rg4 Kh8 28. Qg3 Rcc2 29. e6 Qxf2+ 30. Qxf2 Rxf2 31. e7 Rfe2 0-1

[Event "GBR-ch 100th"]
[Site "Torquay"]
[Date "2013.08.01"]
[Round "4"]
[White "Osborne, Marcus E"]
[Black "Wells, Peter K"]
[Result "0-1"]
[WhiteElo "2269"]
[BlackElo "2479"]
[PlyCount "114"]
[EventDate "2013.07.29"]
[EventType "swiss"]
[EventRounds "11"]
[EventCountry "GBR"]
[Source "John Saunders"]
[SourceDate "2015.07.24"]

1. d4 Nf6 2. c4 e6 3. Nf3 d5 4. Nc3 c6 5. Bg5 h6 6. Bxf6 Qxf6 7. Qb3 a5 8. e4
dxe4 9. Nxe4 Bb4+ 10. Qxb4 axb4 11. Nxf6+ gxf6 12. g3 e5 13. dxe5 Bg4 14. Nh4
fxe5 15. Bd3 Ke7 16. O-O Rd8 17. f3 Be6 18. Rfd1 Na6 19. Rac1 Nc5 20. Bb1 Rxd1+
21. Rxd1 Na4 22. Rd2 Rd8 23. Rxd8 Kxd8 24. b3 Nc3 25. Bc2 Nxa2 26. f4 exf4 27.
gxf4 Nc3 28. Kf2 c5 29. f5 Bd7 30. Ke3 Ke7 31. Bd3 Kf6 32. Kf4 Bc6 33. Bf1 b5
34. Nf3 Bxf3 35. Kxf3 bxc4 36. Bxc4 Kxf5 37. Bxf7 Nb5 38. Bc4 Nd6 39. Ke3 Ke5
40. Bf7 Kf6 41. Bc4 Ke5 42. Be2 Nf7 43. Kd3 Nd8 44. Bh5 Kf4 45. Be2 Kg5 46. Ke3
h5 47. h4+ Kxh4 48. Kf4 Nb7 49. Bf3 Na5 50. Bd5 Kh3 51. Ke5 Kg3 52. Kd6 c4 53.
bxc4 b3 54. Kc5 b2 55. Be4 Kf4 56. Bg6 h4 57. Kb4 h3 0-1

[Event "GBR-ch 100th"]
[Site "Torquay"]
[Date "2013.08.01"]
[Round "4"]
[White "Oyama, Akito"]
[Black "Stewart, Ashley"]
[Result "1-0"]
[WhiteElo "1966"]
[BlackElo "2053"]
[PlyCount "139"]
[EventDate "2013.07.29"]
[EventType "swiss"]
[EventRounds "11"]
[EventCountry "GBR"]
[Source "John Saunders"]
[SourceDate "2015.07.24"]

1. e4 c5 2. Nc3 g6 3. f4 Bg7 4. Nf3 Nc6 5. Bb5 Nd4 6. Bc4 e6 7. e5 d5 8. Nxd4
cxd4 9. Bb5+ Bd7 10. Bxd7+ Qxd7 11. Ne2 f6 12. Nxd4 fxe5 13. fxe5 Bxe5 14. Nf3
Bg7 15. O-O Nf6 16. Qe2 O-O 17. d3 Qd6 18. Ng5 Rae8 19. Be3 a6 20. c4 e5 21. b4
Qxb4 22. Rab1 Qe7 23. Bd2 Nh5 24. Rxf8+ Rxf8 25. cxd5 Qc5+ 26. Qe3 Qxd5 27. Qe4
Qxe4 28. dxe4 b5 29. Rc1 Nf4 30. Bxf4 exf4 31. Ne6 Re8 32. Nxg7 Kxg7 33. Rc7+
Kf6 34. Ra7 Re6 35. Kf2 h6 36. Kf3 g5 37. Ra8 Ke5 38. g3 fxg3 39. hxg3 Rf6+ 40.
Ke3 Rc6 41. Re8+ Kf6 42. Kd3 b4 43. e5+ Kf7 44. Ra8 Ke6 45. Kd4 Rb6 46. Re8+
Kf5 47. Rf8+ Kg4 48. Rf6 Rb8 49. Rxh6 b3 50. axb3 Rxb3 51. Rxa6 Kxg3 52. Ke4
Kg4 53. e6 Rb1 54. Ke5 Re1+ 55. Kf6 Rf1+ 56. Kg6 Kh4 57. e7 Re1 58. Kf7 Rxe7+
59. Kxe7 g4 60. Kf6 g3 61. Kf5 Kh3 62. Kf4 Kh2 63. Kf3 g2 64. Rh6+ Kg1 65. Rh8
Kf1 66. Ra8 Kg1 67. Ra1+ Kh2 68. Kf2 Kh3 69. Rg1 Kh2 70. Rxg2+ 1-0

[Event "GBR-ch 100th"]
[Site "Torquay"]
[Date "2013.08.01"]
[Round "4"]
[White "Rayner, Francis"]
[Black "McCullough, Simon L"]
[Result "1/2-1/2"]
[WhiteElo "2186"]
[BlackElo "2076"]
[PlyCount "53"]
[EventDate "2013.07.29"]
[EventType "swiss"]
[EventRounds "11"]
[EventCountry "GBR"]
[Source "John Saunders"]
[SourceDate "2015.07.24"]

1. e4 c5 2. Nf3 d6 3. d4 cxd4 4. Nxd4 Nf6 5. Nc3 g6 6. Be2 Bg7 7. O-O O-O 8.
Bg5 Nc6 9. Nb3 a6 10. f4 b5 11. Bf3 Qb6+ 12. Kh1 Bb7 13. Bxf6 Bxf6 14. Nd5 Qd8
15. Nxf6+ exf6 16. Qd2 Qe7 17. Rad1 Rad8 18. Rfe1 Rfe8 19. a3 h5 20. h3 Kg7 21.
Nc1 Qc7 22. Na2 Ne7 23. Nc3 f5 24. exf5 Nxf5 25. Bxb7 Qxb7 26. Nd5 Qc6 27. Nb4
1/2-1/2

[Event "GBR-ch 100th"]
[Site "Torquay"]
[Date "2013.08.01"]
[Round "4"]
[White "Storey, Charles"]
[Black "Lane, Gary William"]
[Result "0-1"]
[WhiteElo "2214"]
[BlackElo "2401"]
[PlyCount "64"]
[EventDate "2013.07.29"]
[EventType "swiss"]
[EventRounds "11"]
[EventCountry "GBR"]
[Source "John Saunders"]
[SourceDate "2015.07.24"]

1. Nf3 f5 2. d3 d6 3. e4 e5 4. Nc3 Nf6 5. Bg5 Be7 6. Nh4 fxe4 7. dxe4 Be6 8.
Nf5 O-O 9. g4 Nc6 10. Be2 Nd4 11. Rg1 c5 12. Qd2 Rb8 13. Rg3 b5 14. a3 b4 15.
axb4 cxb4 16. Nxe7+ Qxe7 17. Nd5 Bxd5 18. exd5 Qc7 19. Bd3 Nxd5 20. c3 bxc3 21.
bxc3 Ne6 22. Bxh7+ Kxh7 23. Rh3+ Kg6 24. Qd3+ Kxg5 25. Qh7 Ndf4 26. Rg3 Qb7 27.
Kf1 Kf6 28. Re1 Ke7 29. Qh4+ Kd7 30. g5 Rh8 31. Qg4 Rxh2 32. f3 Qb2 0-1

[Event "GBR-ch 100th"]
[Site "Torquay"]
[Date "2013.08.01"]
[Round "4"]
[White "Tavares, Shawn P"]
[Black "Collier, David"]
[Result "0-1"]
[WhiteElo "2178"]
[BlackElo "2086"]
[PlyCount "98"]
[EventDate "2013.07.29"]
[EventType "swiss"]
[EventRounds "11"]
[EventCountry "GBR"]
[Source "John Saunders"]
[SourceDate "2015.07.24"]

1. d4 Nf6 2. c4 e6 3. Nc3 Bb4 4. Qc2 c5 5. dxc5 Na6 6. a3 Qa5 7. Bd2 Nxc5 8.
Rc1 Bxc3 9. Bxc3 Qa4 10. b4 Qxc2 11. Rxc2 Na4 12. Be5 b6 13. Nf3 Ke7 14. c5 Ne8
15. e3 a5 16. cxb6 d6 17. bxa5 dxe5 18. Bb5 Nd6 19. Rc7+ Kf6 20. Bxa4 Rxa5 21.
Bd7 Ba6 22. a4 Rb8 23. Rc6 Nc4 24. Rxc4 Bxc4 25. Nd2 Ba6 26. Nb3 Rd5 27. Bc6
Rxb6 28. Bxd5 exd5 29. Nc1 Rb2 30. h4 Rc2 31. Nb3 Bc4 32. a5 Bxb3 33. O-O Bc4
34. Ra1 Ba6 35. Rb1 Rc6 36. Rb4 Rd6 37. f4 h5 38. Kf2 e4 39. Rb8 g6 40. Re8 Re6
41. Ra8 d4 42. exd4 e3+ 43. Ke1 Rc6 44. Kd1 e2+ 45. Kd2 Rd6 46. Ke1 Bd3 47. Re8
Rxd4 48. g3 Bb5 49. Kf2 Bxe8 0-1

[Event "GBR-ch 100th"]
[Site "Torquay"]
[Date "2013.08.01"]
[Round "4"]
[White "Varnam, Liam"]
[Black "Anderson, John"]
[Result "0-1"]
[WhiteElo "2107"]
[BlackElo "2189"]
[PlyCount "144"]
[EventDate "2013.07.29"]
[EventType "swiss"]
[EventRounds "11"]
[EventCountry "GBR"]
[Source "John Saunders"]
[SourceDate "2015.07.24"]

1. e4 e6 2. d4 d5 3. Nc3 Nf6 4. Bg5 Be7 5. e5 Nfd7 6. Bxe7 Qxe7 7. f4 O-O 8.
Nf3 c5 9. Bd3 f6 10. dxc5 Nc6 11. Qe2 Nxc5 12. O-O Bd7 13. Rae1 Nxd3 14. Qxd3
f5 15. Ne2 Rfc8 16. c3 b5 17. b4 a6 18. Ra1 Be8 19. Ned4 Nxd4 20. Nxd4 a5 21.
a3 Rc4 22. Nb3 a4 23. Nd4 Rac8 24. Rac1 Kh8 25. h3 Bd7 26. g3 Rg8 27. h4 Rgc8
28. Kg2 Qd8 29. Rc2 Qb6 30. Rfc1 Be8 31. Qe3 Qb7 32. Kh2 Qd7 33. Qf3 Bg6 34. h5
Bf7 35. g4 g6 36. gxf5 exf5 37. hxg6 hxg6 38. Qe3 Qe7 39. Kg2 Kg7 40. e6 Be8
41. Kg3 Qf6 42. Rh2 g5 43. Kf2 g4 44. Ne2 R8c6 45. Rch1 Bg6 46. Qa7+ Rc7 47.
Qa8 Rc8 48. Qxd5 Re8 49. Qxb5 Qxe6 50. Qe5+ Qxe5 51. fxe5 f4 52. Rh4 g3+ 53.
Kf1 Rxe5 54. Rxf4 Bd3 55. Rxc4 Bxc4 56. Rh3 Rxe2 57. Rxg3+ Kf6 58. Rf3+ Ke5 59.
Rf8 Re3+ 60. Kf2 Rxc3 61. Ke1 Rxa3 62. Kd2 Rb3 63. Ra8 a3 64. Kc2 Rh3 65. b5 a2
66. Kb2 Rh2+ 67. Kc3 Rh1 68. Kxc4 a1=Q 69. Rxa1 Rxa1 70. Kc5 Rc1+ 71. Kb6 Kd6
72. Ka7 Kc5 0-1

[Event "GBR-ch 100th"]
[Site "Torquay"]
[Date "2013.08.01"]
[Round "4"]
[White "Wang, Maria"]
[Black "Ball, Laurence"]
[Result "0-1"]
[WhiteElo "1817"]
[BlackElo "2108"]
[PlyCount "94"]
[EventDate "2013.07.29"]
[EventType "swiss"]
[EventRounds "11"]
[EventCountry "GBR"]
[Source "John Saunders"]
[SourceDate "2015.07.24"]

1. e4 e5 2. Nf3 d6 3. d4 exd4 4. Nxd4 g6 5. Nc3 Bg7 6. Be3 Nf6 7. Qd2 O-O 8.
O-O-O Nc6 9. f3 Nxd4 10. Bxd4 Be6 11. Kb1 c5 12. Be3 Qa5 13. Bh6 Bxh6 14. Qxh6
b5 15. Nd5 Bxd5 16. exd5 Rfe8 17. Qg5 Kg7 18. g4 c4 19. h4 Re5 20. Qc1 Rae8 21.
Bh3 Qb6 22. h5 Qe3 23. hxg6 hxg6 24. Qxe3 Rxe3 25. g5 Nh5 26. Bd7 Rb8 27. Rde1
Rxe1+ 28. Rxe1 Nf4 29. Rd1 a6 30. a3 Rd8 31. Bc6 Nh3 32. Bb7 Nxg5 33. f4 Ne4
34. Re1 Nc5 35. Bc6 Kf6 36. Rd1 Rh8 37. Rd2 Rh4 38. f5 g5 39. Be8 Rh8 40. Bc6
g4 41. Rg2 Rg8 42. Kc1 g3 43. Kd2 Kxf5 44. Ke3 Kg4 45. b4 cxb3 46. cxb3 Nxb3
47. Bd7+ f5 0-1

[Event "GBR-ch 100th"]
[Site "Torquay"]
[Date "2013.08.01"]
[Round "4"]
[White "Williams, Simon Kim"]
[Black "Brown, Martin"]
[Result "1-0"]
[WhiteElo "2481"]
[BlackElo "2203"]
[PlyCount "49"]
[EventDate "2013.07.29"]
[EventType "swiss"]
[EventRounds "11"]
[EventCountry "GBR"]
[Source "John Saunders"]
[SourceDate "2015.07.24"]

1. d4 Nf6 2. c4 g6 3. Nc3 d5 4. Nf3 Bg7 5. h4 c6 6. cxd5 cxd5 7. Bf4 Nc6 8. e3
O-O 9. Be2 Bg4 10. Ne5 Bxe2 11. Qxe2 Ne4 12. Nxc6 bxc6 13. Nxe4 dxe4 14. Qc4
Qa5+ 15. b4 Qb5 16. Qxb5 cxb5 17. a4 a6 18. O-O Rfe8 19. axb5 axb5 20. Rxa8
Rxa8 21. Rc1 Bf8 22. Rc5 e6 23. Rxb5 Ra4 24. Rb8 Rxb4 25. Rxf8+ 1-0

[Event "GBR-ch 100th"]
[Site "Torquay"]
[Date "2013.08.01"]
[Round "4"]
[White "Yeo, Michael J"]
[Black "Walker, Samuel"]
[Result "1-0"]
[WhiteElo "2170"]
[BlackElo "1978"]
[PlyCount "83"]
[EventDate "2013.07.29"]
[EventType "swiss"]
[EventRounds "11"]
[EventCountry "GBR"]
[Source "John Saunders"]
[SourceDate "2015.07.24"]

1. e4 c5 2. Nf3 g6 3. d4 cxd4 4. Qxd4 Nf6 5. e5 Nc6 6. Qa4 Nd5 7. Qe4 Ndb4 8.
Bb5 a6 9. Ba4 b5 10. Bb3 d5 11. exd6 Bf5 12. Qe2 Qxd6 13. O-O Na5 14. Rd1 Qc7
15. Nc3 Bg7 16. Nd4 Rd8 17. Nxf5 Rxd1+ 18. Nxd1 gxf5 19. Ne3 Qe5 20. Qf3 f4 21.
Nf1 O-O 22. c3 Nbc6 23. Bxf4 Qf6 24. Bc2 Ne5 25. Qg3 Ng6 26. Bg5 Qe6 27. h4 h6
28. Be3 f5 29. h5 Ne5 30. Bf4 Kh8 31. Ne3 Nac4 32. Re1 Ng4 33. Bxf5 Qf6 34.
Qxg4 Nxe3 35. Bxe3 Qxf5 36. Qxf5 Rxf5 37. g4 Rd5 38. Kg2 e5 39. Kf3 Kg8 40. Ke4
Rd7 41. Re2 Kf7 42. Kf5 1-0

[Event "GBR-ch 100th"]
[Site "Torquay"]
[Date "2013.08.02"]
[Round "5"]
[White "Anderson, John"]
[Black "Arkell, Keith C"]
[Result "0-1"]
[WhiteElo "2189"]
[BlackElo "2444"]
[PlyCount "130"]
[EventDate "2013.07.29"]
[EventType "swiss"]
[EventRounds "11"]
[EventCountry "GBR"]
[Source "John Saunders"]
[SourceDate "2015.07.24"]

1. d4 Nf6 2. Nf3 e6 3. Bf4 c5 4. e3 cxd4 5. exd4 Be7 6. Bd3 b6 7. O-O O-O 8. h3
Bb7 9. Nbd2 d6 10. Re1 Nbd7 11. c3 Re8 12. Qe2 Bf8 13. Bg5 Qc7 14. Ne4 Nxe4 15.
Bxe4 Bxe4 16. Qxe4 h6 17. Be3 b5 18. a3 Nf6 19. Qh4 Nd5 20. g4 Qb7 21. Qg3 a5
22. g5 Nxe3 23. Rxe3 g6 24. Nd2 hxg5 25. Ne4 Be7 26. Nxd6 Bxd6 27. Qxd6 Rad8
28. Qg3 Rd5 29. Rae1 b4 30. axb4 axb4 31. Re5 Rxe5 32. Qxe5 bxc3 33. bxc3 Rc8
34. d5 Qxd5 35. Qxd5 exd5 36. Re5 Rxc3 37. Rxd5 Rxh3 38. Rxg5 Kg7 39. Kg2 Rd3
40. Ra5 f6 41. Ra6 g5 42. Ra2 Kg6 43. Rb2 g4 44. Ra2 Kg5 45. Rb2 f5 46. Ra2 f4
47. Ra8 Rd6 48. Rb8 Kf5 49. Rf8+ Rf6 50. Rg8 Rf7 51. Ra8 Rg7 52. Ra5+ Kf6 53.
Rb5 Rg8 54. Ra5 Rd8 55. Ra2 Kg5 56. Ra7 Rd2 57. Rg7+ Kf5 58. Rf7+ Ke5 59. Kf1
Rb2 60. Rf8 Ke4 61. Ra8 Rb1+ 62. Kg2 f3+ 63. Kg3 Rg1+ 64. Kh4 g3 65. Re8+ Kd5
0-1

[Event "GBR-ch 100th"]
[Site "Torquay"]
[Date "2013.08.02"]
[Round "5"]
[White "Armstrong, Malcolm J"]
[Black "Wang, Maria"]
[Result "1/2-1/2"]
[WhiteElo "2014"]
[BlackElo "1817"]
[PlyCount "68"]
[EventDate "2013.07.29"]
[EventType "swiss"]
[EventRounds "11"]
[EventCountry "GBR"]
[Source "John Saunders"]
[SourceDate "2015.07.24"]

1. d4 Nf6 2. Nf3 g6 3. Nc3 d5 4. Bf4 Bg7 5. Qd2 Ne4 6. Nxe4 dxe4 7. Ne5 Be6 8.
e3 Nd7 9. O-O-O c6 10. Bc4 Bxc4 11. Nxc4 Nb6 12. Qb4 Nxc4 13. Qxc4 Qb6 14. c3
e6 15. h4 O-O-O 16. Be5 Bxe5 17. dxe5 Qa5 18. Qxe4 Qxa2 19. Kc2 Qa5 20. Rd4 Rd5
21. f4 Rhd8 22. Rhd1 h5 23. Kb1 Qc5 24. g3 Kc7 25. Qd3 R8d7 26. Rd2 a5 27. c4
Rxd4 28. exd4 Qb4 29. Rc2 Kd8 30. Rc3 a4 31. Ka2 Ke8 32. Kb1 Kd8 33. Ka2 Ke8
34. Kb1 Kd8 1/2-1/2

[Event "GBR-ch 100th"]
[Site "Torquay"]
[Date "2013.08.02"]
[Round "5"]
[White "Ball, Laurence"]
[Black "Storey, Charles"]
[Result "0-1"]
[WhiteElo "2108"]
[BlackElo "2214"]
[PlyCount "142"]
[EventDate "2013.07.29"]
[EventType "swiss"]
[EventRounds "11"]
[EventCountry "GBR"]
[Source "John Saunders"]
[SourceDate "2015.07.24"]

1. e4 c5 2. Nf3 e6 3. d3 d5 4. Nbd2 g6 5. g3 Bg7 6. Bg2 Ne7 7. O-O Nbc6 8. Re1
O-O 9. c3 d4 10. c4 e5 11. Nf1 f6 12. a3 Be6 13. h4 Qd7 14. Bd2 h6 15. b4 g5
16. Re2 Bg4 17. N1h2 Bh5 18. Qc1 gxh4 19. b5 Nd8 20. Bxh6 Nf7 21. Bxg7 Kxg7 22.
Re1 hxg3 23. fxg3 Ng6 24. Rf1 Rh8 25. Qd2 Rh6 26. Ra2 Rah8 27. Qe1 Bg4 28. Nxg4
Qxg4 29. Kf2 Rh5 30. Rh1 Rxh1 31. Bxh1 Qh5 32. Bg2 Nh6 33. Kg1 Ng4 34. Ra1 Qh6
35. Qe2 Ne3 36. Re1 Qh5 37. Qf2 Qh6 38. Qd2 b6 39. Qf2 Kf7 40. Qd2 Rg8 41. Re2
Qg7 42. Kh2 Qh6+ 43. Kg1 Qh5 44. Rxe3 dxe3 45. Qxe3 Qg4 46. Qf2 Rd8 47. Bh3 Qh5
48. Bf1 Qh6 49. Qe1 Ke7 50. Kf2 Rg8 51. Qe3 Qxe3+ 52. Kxe3 Nf8 53. Kf2 Ne6 54.
Bh3 Ng5 55. Nxg5 Rxg5 56. Kf3 Rg8 57. Kf2 Rh8 58. Bg2 Kf7 59. Kf3 Kg6 60. g4 a6
61. a4 axb5 62. axb5 Kg5 63. Kg3 Ra8 64. Bf1 Ra2 65. Kf3 Kh4 66. Be2 Kh3 67.
Kf2 Kh2 68. Kf3 Kg1 69. Ke3 Kg2 70. Bd1 Kf1 71. Bf3 Ke1 0-1

[Event "GBR-ch 100th"]
[Site "Torquay"]
[Date "2013.08.02"]
[Round "5"]
[White "Brown, Martin"]
[Black "Friedland, Jon S"]
[Result "1-0"]
[WhiteElo "2203"]
[BlackElo "2093"]
[PlyCount "85"]
[EventDate "2013.07.29"]
[EventType "swiss"]
[EventRounds "11"]
[EventCountry "GBR"]
[Source "John Saunders"]
[SourceDate "2015.07.24"]

1. e4 c5 2. Nf3 d6 3. d4 cxd4 4. Nxd4 Nf6 5. Nc3 a6 6. Be2 e5 7. Nb3 Be7 8. O-O
Be6 9. Re1 O-O 10. Bf3 a5 11. a4 Nc6 12. Nd5 Bxd5 13. exd5 Nb4 14. Bd2 Qc7 15.
Bxb4 axb4 16. Qd2 Qc4 17. Be2 Qc7 18. Bb5 Rac8 19. Re2 Nh5 20. g3 f5 21. f3 Nf6
22. Rd1 h5 23. Qxb4 f4 24. gxf4 Nh7 25. fxe5 Rxf3 26. c4 Rcf8 27. c5 Bg5 28.
cxd6 Qf7 29. Nd2 Be3+ 30. Kh1 Ng5 31. Rg2 Nh3 32. e6 Qf6 33. e7 Nf2+ 34. Rxf2
Rxf2 35. exf8=Q+ Qxf8 36. Qc3 Rxd2 37. Rf1 Rf2 38. Qxe3 Rxf1+ 39. Kg2 Rf6 40.
d7 Rd6 41. Qe8 g6 42. Bd3 Kg7 43. d8=Q 1-0

[Event "GBR-ch 100th"]
[Site "Torquay"]
[Date "2013.08.02"]
[Round "5"]
[White "Burke, Mitchell R"]
[Black "Bonafont, Philip"]
[Result "1/2-1/2"]
[WhiteElo "1971"]
[BlackElo "2084"]
[PlyCount "82"]
[EventDate "2013.07.29"]
[EventType "swiss"]
[EventRounds "11"]
[EventCountry "GBR"]
[Source "John Saunders"]
[SourceDate "2015.07.24"]

1. e4 c5 2. Nc3 d6 3. f4 g6 4. Nf3 Bg7 5. Bb5+ Bd7 6. Bc4 Nc6 7. O-O Na5 8. Be2
Nc6 9. d3 Nf6 10. Qe1 Nd4 11. Bd1 O-O 12. Qh4 Bg4 13. Nxd4 cxd4 14. Ne2 Qc7 15.
Qf2 Bxe2 16. Qxe2 Nd7 17. Qf2 a5 18. Qh4 Rfe8 19. Rf3 e6 20. Bd2 b6 21. Rc1 Qd8
22. Qf2 Rc8 23. Rh3 Qe7 24. Qf3 Rc7 25. Be1 Rec8 26. Bh4 Qe8 27. f5 exf5 28.
exf5 Bh6 29. fxg6 hxg6 30. Rb1 Qe3+ 31. Bf2 Qxf3 32. Rxf3 Bg7 33. b4 a4 34. b5
Rc3 35. Rb4 Ra3 36. Bxd4 Rxa2 37. Bxg7 Kxg7 38. d4 Ra1 39. Rf1 Rc3 40. Bf3
Rxf1+ 41. Kxf1 a3 1/2-1/2

[Event "GBR-ch 100th"]
[Site "Torquay"]
[Date "2013.08.02"]
[Round "5"]
[White "Burnett, Jim"]
[Black "Emms, John M"]
[Result "0-1"]
[WhiteElo "2117"]
[BlackElo "2469"]
[PlyCount "94"]
[EventDate "2013.07.29"]
[EventType "swiss"]
[EventRounds "11"]
[EventCountry "GBR"]
[Source "John Saunders"]
[SourceDate "2015.07.24"]

1. d4 g6 2. g3 Bg7 3. Bg2 c5 4. Nf3 cxd4 5. Nxd4 Nc6 6. Nb3 d6 7. O-O Nf6 8.
Nc3 O-O 9. h3 Be6 10. e4 Bc4 11. Re1 Rc8 12. Be3 a5 13. Nd4 Nxd4 14. Bxd4 b5
15. b3 b4 16. Ne2 Ba6 17. Qd2 e5 18. Bb2 Bb7 19. Qd3 Nd7 20. c4 Nc5 21. Qc2 Qb6
22. Rad1 Bh6 23. Nc1 Rcd8 24. Nd3 Ne6 25. c5 Nxc5 26. Nxc5 Qxc5 27. Qxc5 dxc5
28. Bxe5 Rfe8 29. Bc7 Ra8 30. Bb6 Bf8 31. Rd7 Bc6 32. Rc7 Rec8 33. Rxc8 Rxc8
34. Bxa5 Ra8 35. Bb6 Ra6 36. Bc7 Rxa2 37. Bf1 Bd7 38. Rd1 Be6 39. Rd8 Kg7 40.
Be5+ f6 41. Bxf6+ Kxf6 42. Rxf8+ Ke7 43. Rh8 Bxb3 44. Rxh7+ Kf8 45. Rc7 Rc2 46.
f4 Ba2 47. e5 b3 0-1